Państwa o mniejszej liczbie ludności niż Warszawa - Statystyki

Ogólne statystyki
  • Ten quiz został rozwiązany 776 razy
  • Średni wynik to 31 z 48
Statystyki odpowiedzi
Kontynent Populacja Państwo % Poprawnych
Europa 1000 Watykan
95%
Europa 34 682 San Marino
90%
Europa 85 560 Andora
89%
Europa 39 711 Liechtenstein
89%
Europa 650 364 Luksemburg
88%
Europa 31 400 Monako
87%
Europa 1 842 226 Łotwa
75%
Europa 464 186 Malta
75%
Europa 1 211 524 Estonia
74%
Europa 357 603 Islandia
72%
Azja 1 295 102 Cypr
70%
Australia i Oceania 943 737 Fidżi
67%
Australia i Oceania 308 043 Vanuatu
67%
Ameryka Północna 74 629 Dominika
66%
Australia i Oceania 21 695 Palau
66%
Afryka 217 164 Wyspy Świętego Tomasza i Książęca
66%
Australia i Oceania 101 009 Mikronezja
65%
Afryka 97 017 Seszele
65%
Ameryka Południowa 789 683 Gujana
64%
Australia i Oceania 79 906 Wyspy Marshalla
64%
Australia i Oceania 702 694 Wyspy Salomona
64%
Australia i Oceania 9 811 Nauru
63%
Ameryka Północna 167 122 Saint Lucia
63%
Ameryka Południowa 632 638 Surinam
63%
Afryka 596 707 Republika Zielonego Przylądka
62%
Europa 604 966 Czarnogóra
61%
Australia i Oceania 114 189 Kiribati
61%
Ameryka Północna 1 405 646 Trynidad i Tobago
61%
Azja 478 054 Brunei
60%
Ameryka Północna 100 969 Saint Vincent i Grenadyny
60%
Australia i Oceania 206 179 Samoa
60%
Australia i Oceania 11 544 Tuvalu
60%
Azja 1 540 558 Bahrajn
59%
Ameryka Północna 302 674 Barbados
59%
Afryka 1 121 761 Eswatini
59%
Afryka 1 308 222 Mauritius
59%
Ameryka Północna 54 488 Saint Kitts i Nevis
59%
Azja 1 445 006 Timor Wschodni
59%
Australia i Oceania 105 517 Tonga
59%
Ameryka Północna 100 335 Antigua i Barbuda
58%
Ameryka Północna 355 608 Bahamy
58%
Afryka 876 437 Komory
58%
Azja 390 164 Malediwy
58%
Azja 867 775 Bhutan
57%
Afryka 957 273 Dżibuti
57%
Ameryka Północna 412 387 Belize
54%
Ameryka Północna 113 949 Grenada
54%
Afryka 1 679 172 Gwinea Równikowa
47%
Nie znaleziono quizów pasujących do podanych kryteriów
Rozkład punktacji
Procent ludzi z każdym wynikiem
Percentyl według liczby udzielonych odpowiedzi
Twoja historia wyników
Nie rozwiązałeś tego quizu